Every Player That Won the Champions League since 2013 - Statistics

General Stats
  • This quiz has been taken 68 times
  • The average score is 106 of 206
Answer Stats
Club(s) Season(s) Position Player % Correct
Bayern Munchen 2012/13, 2019/20 Goalkeeper Manuel Neuer
96%
Manchester City 2022/23 Attacker Erling Haaland
92%
Real MadridManchester United 2007/08, 2013/14,2015/16, 2016/17,
2017/18
Attacker Cristiano Ronaldo
88%
Barcelona 2005/06, 2008/09, 2010/11, 2014/15 Attacker Lionel Messi
88%
Barcelona 2014/15 Attacker Luis Suárez
88%
Real Madrid 2013/14, 2015/16,
2016/17, 2017/18,
2021/22
Midfielder Luka Modrić
88%
Liverpool 2018/19 Attacker Mohamed Salah
88%
Barcelona 2014/15 Attacker Neymar
88%
Bayern Munchen 2012/13, 2019/20 Midfielder/Attacker Thomas Müller
88%
Bayern MunchenReal Madrid 2012/13, 2015/162016/17, 2017/18 2021/22 Midfielder Toni Kroos
88%
Liverpool 2018/19 Defender Virgil van Dijk
88%
Barcelona 2005/06, 2008/09, 2010/11, 2014/15 Midfielder Xavi
88%
Barcelona 2005/06, 2008/09,2010/11, 2014/15 Midfielder Andrés Iniesta
86%
Manchester City 2022/23 Midfielder Kevin De Bruyne
86%
Liverpool 2018/19 Attacker Roberto Firmino
86%
Liverpool 2018/19 Attacker Sadio Mané
86%
Chelsea 2020/21 Defender Thiago Silva
86%
Liverpool 2018/19 Defender Trent Alexander-Arnold
86%
Liverpool 2018/19 Goalkeeper Alisson
84%
Manchester City 2022/23 Midfielder Bernardo Silva
84%
Manchester City 2022/23 Goalkeeper Ederson
84%
Real Madrid 2015/16, 2016/17, 2017/18 Goalkeeper Kiko Casilla
84%
Real Madrid 2017/18 Goalkeeper Moha Ramos
84%
Manchester City 2022/23 Defender Rúben Dias
84%
Real Madrid 2013/14, 2015/16,2016/17, 2017/18 Defender Sergio Ramos
84%
Real Madrid 2013/14, 2015/16,
2016/17, 2017/18,
2021/22
Attacker Karim Benzema
82%
Bayern Munchen 2012/13 Defender Philipp Lahm
82%
Manchester City 2022/23 Midfielder Rodri
82%
Real MadridLiverpool 2004/05, 2013/14 Midfielder Xabi Alonso
82%
Manchester City 2022/23 Midfielder Alex Robertson
80%
Liverpool 2018/19 Defender Andrew Robertson
80%
Bayern Munchen 2012/13 Attacker Arjen Robben
80%
Real Madrid 2015/16, 2016/17,2017/18 Goalkeeper Keylor Navas
80%
Barcelona 2014/15 Goalkeeper Marc-André ter Stegen
80%
Real Madrid 2021/22 Goalkeeper Thibaut Courtois
80%
Real Madrid 2013/14, 2015/16, 2016/17, 2017/18, 2021/22 Midfielder Casemiro
78%
Barcelona 2008/09, 2010/11,2014/15 Defender Dani Alves
78%
BarcelonaManchester United 2007/08, 2008/09,2010/11, 2014/15 Defender Gerard Piqué
78%
Real Madrid 1997/98,1999/00,2001/02, 2013/14 Goalkeeper Iker Casillas
78%
Real Madrid 2015/16, 2016/17 Midfielder James Rodríguez
78%
Bayern Munchen 2012/13, 2019/20 Defender Jérôme Boateng
78%
Liverpool 2018/19 Defender Joe Gomez
78%
Liverpool 2018/19 Midfielder Jordan Henderson
78%
Bayern Munchen 2019/20 DefenderMidfielder Joshua Kimmich
78%
Chelsea 2020/21 MidfielderAttacker Kai Havertz
78%
Manchester City 2022/23 Defender Kyle Walker
78%
Bayern Munchen 2012/13 Attacker Mario Gómez
78%
Manchester City 2022/23 Attacker Phil Foden
78%
Manchester City 2022/23 Defender Sergio Gómez
78%
Bayern MunchenReal Madrid 2012/13, 2019/20, 2021/22 Defender David Alaba
76%
Chelsea 2020/21 Goalkeeper Edouard Mendy
76%
Real Madrid 2021/22 Defender Ferland Mendy
76%
Bayern Munchen 2012/13 Attacker Franck Ribéry
76%
Bayern Munchen 2019/20 Attacker Kingsley Coman
76%
Bayern Munchen 2019/20 Midfielder Leon Goretzka
76%
Real Madrid 2013/14, 2015/16 2016/17, 2017/18, 2021/22 Defender Marcelo
76%
Chelsea 2020/21 Defender Marcos Alonso
76%
Real Madrid 2013/14, 2015/16,2016/17, 2017/18 Defender Raphaël Varane
76%
Bayern Munchen 2019/20 Attacker Robert Lewandowski
76%
Chelsea 2020/21 Defender Antonio Rüdiger
73%
Real Madrid 2013/14, 2015/16,
2016/17, 2017/18,
2021/22
Defender Daniel Carvajal
73%
Real Madrid 2013/14, 2015/16,
2016/17, 2017/18,
2021/22
Attacker Gareth Bale
73%
Liverpool 2018/19 Defender Joel Matip
73%
Barcelona 2014/15 Defender Jordi Alba
73%
Chelsea 2020/21 Midfielder N'Golo Kanté
73%
Real Madrid 2013/14, 2015/16 2016/17 Defender Pepe
73%
Real Madrid 2021/22 Attacker Rodrygo
73%
Barcelona 2008/09, 2010/11, 2014/15 Midfielder Sergio Busquets
73%
Liverpool 2018/19 Attacker Divock Origi
71%
Liverpool 2018/19 Midfielder Fabinho
71%
Manchester City 2022/23 Attacker Jack Grealish
71%
Manchester City 2022/23 Defender John Stones
71%
Manchester City 2022/23 Defender Manuel Akanji
71%
Barcelona 2008/09, 2010/11, 2014/15 Attacker Pedro
71%
Chelsea 2020/21 Defender Reece James
71%
Real Madrid 2021/22 Attacker Vinicius Junior
71%
Liverpool 2018/19 Midfielder Georginio Wijnaldum
69%
Real MadridChelsea 2015/16, 2016/17,2017/18, 2020/21 Midfielder Mateo Kovačić
69%
Manchester City 2022/23 Midfielder İlkay Gündoğan
67%
Barcelona 2010/11, 2014/15 DefenderMidfielder Javier Mascherano
67%
Chelsea 2020/21 Goalkeeper Kepa Arrizabalaga
67%
Manchester City 2022/23 Defender Nathan Aké
67%
Bayern Munchen 2019/20 Attacker Serge Gnabry
67%
Bayern MunchenBarcelona 2010/11, 2019/20 Midfielder Thiago
67%
Barcelona 2014/15 Midfielder Ivan Rakitić
65%
Manchester City 2022/23 Attacker Julián Álvarez
65%
Chelsea 2020/21 Midfielder Mason Mount
65%
Real Madrid 2013/14, 2015/16,2016/17, 2017/18, 2021/22 Defender Nacho Fernández
65%
Real Madrid 2021/22 Midfielder Eduardo Camavinga
63%
Real Madrid 2013/14, 2015/16,
2016/17, 2017/18,
2021/22
Midfielder Isco
63%
Chelsea 2020/21 Midfielder Jorginho
63%
Bayern Munchen 2019/20 Goalkeeper Sven Ulreich
63%
Bayern Munchen 2012/13 Midfielder Bastian Schweinsteiger
61%
Chelsea 2020/21 Defender Ben Chilwell
61%
Barcelona 2014/15 Goalkeeper Claudio Bravo
61%
Bayern Munchen 2012/13 Midfielder Emre Can
61%
Chelsea 2020/21 Attacker Timo Werner
61%
Real Madrid 2013/14 Attacker Ángel Di María
59%
Real Madrid 2021/22 Midfielder Federico Valverde
59%
Real Madrid 2015/16, 2016/17,2017/18, 2021/22 Defender/Attacker Lucas Vázquez
59%
Bayern Munchen 2012/13 Attacker Mario Mandžukić
59%
Real Madrid 2021/22 Goalkeeper Andriy Lunin
57%
Liverpool 2018/19 Defender Dejan Lovren
57%
Real Madrid 2021/22 Defender Éder Militão
57%
Real Madrid 2013/14, 2016/17 Defender Fábio Coentrão
57%
Bayern Munchen 2012/13, 2019/20 Midfielder Javi Martínez
57%
Real Madrid 2016/17, 2017/18,2021/22 Attacker Marco Asensio
57%
Bayern Munchen 2019/20 MidfielderAttacker Philippe Coutinho
57%
Manchester City 2022/23 Attacker Riyad Mahrez
57%
Chelsea 2020/21 Defender César Azpilicueta
55%
Liverpool 2018/19 Midfielder James Milner
55%
Bayern Munchen 2019/20 Defender Lucas Hernández
55%
Real Madrid 2017/18 Defender Theo Hernández
55%
Bayern Munchen 2019/20 Defender Alphonso Davies
53%
Bayern Munchen 2019/20 Defender Benjamin Pavard
53%
Bayern Munchen 2012/13 Defender Dante
53%
Manchester City 2022/23 Goalkeeper Stefan Ortega
53%
Bayern MunchenLiverpool 2012/13, 2018/19 Midfielder/Attacker Xherdan Shaqiri
53%
Real Madrid 2013/14 Goalkeeper Jesús Fernández
51%
Real Madrid 2021/22 Attacker Eden Hazard
49%
Manchester City 2022/23 DefenderMidfielder Rico Lewis
49%
Real Madrid 2013/14, 2016/17 Attacker Álvaro Morata
47%
Real Madrid 2013/14 Goalkeeper Diego López
47%
Manchester City 2022/23 Defender João Cancelo
47%
Real Madrid 2013/14 Midfielder Sami Khedira
47%
Manchester City 2022/23 Midfielder Cole Palmer
45%
LiverpoolChelsea 2011/12, 2018/19 Attacker Daniel Sturridge
45%
Real Madrid 2016/17, 2021/22 Attacker Mariano Díaz
45%
Bayern Munchen 2012/13 Defender Rafinha
45%
Barcelona 2014/15 MidfielderAttacker Rafinha
45%
Manchester CityLiverpool 2004/05, 2022/23 Goalkeeper Scott Carson
45%
Real Madrid 2013/14, 2015/16 Defender Álvaro Arbeloa
43%
Chelsea 2020/21 Defender Andreas Christensen
43%
Real Madrid 2021/22 Goalkeeper Luis López
43%
Liverpool 2018/19 Midfielder Naby Keïta
43%
Manchester City 2022/23 Defender Aymeric Laporte
41%
Chelsea 2020/21 Attacker Christian Pulisic
41%
Bayern Munchen 2019/20 Defender Niklas Süle
41%
Liverpool 2018/19 Goalkeeper Simon Mignolet
39%
Liverpool 2018/19 Midfielder Alex Oxlade-Chamberlain
37%
Real Madrid 2017/18, 2021/22 Midfielder Dani Ceballos
37%
Manchester City 2022/23 Midfielder Kalvin Phillips
37%
Barcelona 2010/11, 2014/15 Midfielder Sergi Roberto
37%
Chelsea 2020/21 Attacker Tammy Abraham
37%
Liverpool 2018/19 Midfielder Adam Lallana
35%
Liverpool 2018/19 Goalkeeper Caoimhín Kelleher
35%
Chelsea 2020/21 Attacker Hakim Ziyech
35%
Bayern Munchen 2019/20 Attacker Ivan Perišić
35%
Barcelona 2014/15 Defender Jérémy Mathieu
35%
Chelsea 2020/21 Attacker Olivier Giroud
35%
Real Madrid 2017/18, 2021/22 Defender Jesús Vallejo
33%
Bayern Munchen 2019/20 Attacker Jamal Musiala
31%
Liverpool 2018/19 Defender Alberto Moreno
29%
Bayern Munchen 2012/13 Defender Holger Badstuber
29%
Real Madrid 2017/18 Defender Achraf Hakimi
27%
Chelsea 2020/21 Attacker Callum Hudson-Odoi
27%
Bayern Munchen 2019/20 Midfielder Corentin Tolisso
27%
Bayern Munchen 2012/13 Attacker Claudio Pizarro
24%
Chelsea 2020/21 Defender Kurt Zouma
24%
Chelsea 2020/21 Goalkeeper Willy Caballero
24%
Real Madrid 2013/14 Asier Illarramendi
22%
Bayern Munchen 2012/13 Defender Daniel Van Buyten
22%
Barcelona 2010/11, 2014/15 Defender Adriano
20%
Real Madrid 2017/18 Goalkeeper Luca Zidane
20%
Real Madrid 2021/22 Attacker Luka Jović
20%
Bayern Munchen 2012/13 Goalkeeper Tom Starke
20%
Real Madrid 2013/14, 2015/16 Attacker Jesé
18%
Bayern Munchen 2019/20 Defender Álvaro Odriozola
16%
Real Madrid 2015/16, 2016/17 Defender Danilo
16%
Bayern Munchen 2012/13 Midfielder Luiz Gustavo
16%
Liverpool 2018/19 Attacker Rhian Brewster
16%
Bayern Munchen 2019/20 Attacker Joshua Zirkzee
14%
Barcelona 2010/11, 2014/15 Defender Marc Bartra
14%
Real Madrid 2017/18 Midfielder Marcos Llorente
14%
Barcelona 2014/15 Defender Douglas
12%
Chelsea 2020/21 Defender Emerson
12%
Barcelona 2014/15 Defender Thomas Vermaelen
12%
Real Madrid 2017/18 Attacker Borja Mayoral
10%
Bayern Munchen 2012/13 Defender Diego Contento
10%
Barcelona 2014/15 Attacker Munir El Haddadi
10%
Chelsea 2020/21 Midfielder Billy Gilmour
8%
Bayern Munchen 2019/20 Defender Lukas Mai
8%
Real Madrid 2021/22 Defender Miguel Gutiérrez
8%
Bayern Munchen 2019/20 Goalkeeper Ron-Thorben Hoffmann
8%
Barcelona 2014/15 Attacker Sandro Ramírez
8%
Real Madrid 2016/17 Defender Álvaro Tejero
6%
Bayern Munchen 2012/13 Midfielder Anatoliy Tymoshchuk
6%
Real Madrid 2015/16 Attacker Denis Cheryshev
6%
Manchester City 2022/23 Midfielder Máximo Perrone
6%
Bayern Munchen 2019/20 Midfielder Michaël Cuisance
6%
Real Madrid 2016/17 Goalkeeper Rubén Yáñez
6%
Barcelona 2014/15 Midfielder Sergi Samper
6%
Real Madrid 2021/22 Midfielder Antonio Blanco
4%
Liverpool 2018/19 Midfielder Ben Woodburn
4%
Manchester City 2022/23 Defender Josh Wilson-Esbrand
4%
Barcelona 2014/15 Defender Martín Montoya
4%
Bayern Munchen 2019/20 MidfielderAttacker Sarpreet Singh
4%
Chelsea 2020/21 Attacker Tino Anjorin
4%
Chelsea 2020/21 Attacker Charly Musonda Jr.
2%
Bayern Munchen 2012/13 Goalkeeper Lukas Raeder
2%
Bayern Munchen 2019/20 Attacker Malik Tillman
2%
Real Madrid 2021/22 Defender Rafa Marín
2%
Manchester City 2022/23 Midfielder Shea Charles
2%
Real Madrid 2021/22 Goalkeeper Toni Fuidias
2%
Bayern Munchen 2019/20 Defender Bright Arrey-Mbi
0%
Bayern Munchen 2019/20 Attacker Ryan Johansson
0%
No matching quizzes found
Score Distribution
Percent of People with Each Score
Percentile by Number Answered
Your Score History
You have not taken this quiz